000 00503nam a2200181Ia 4500
003 GCL
008 140319s9999 xx 000 0 ara d
040 _aGCL /
_cGCL
082 0 4 _a928.1
_bف ر
100 1 _aفدوى طوقان
245 1 0 _aالرحلة الاصعب: سيرة ذاتية /
_cفدوى طوقان
300 _a203 ص
490 _a100 قصة
_v0
650 0 4 _aالادب العربى
650 0 4 _aفدوى طوقان
650 0 4 _aالترجمة الذاتية
942 _2ddc
_cBK
999 _c46560
_d46560